01585nam a2200373 a 4500001001000000003000500010005001700015008004100032010001100073011001100084040000900095090001000104100004800114245016000162260004100322500006000363502009800423590004000521590004000561590004000601590004000641650002600681650004400707650002000751650002600771650002600797856007000823901000700893942001000900942000600910999001900916952014000935952013601075000112339CHAP20220329144258.0160303s2015 mx a fsm |||||||spa d a108800 a109772 cCHAP aTesis1 aNevárez Favela, María Magdalena913057910aSimulación del escurrimiento en una cuenca del norte árido de México mediante el modelo WEAP /h[En línea]cpor María Magdalena Nevárez Favela. aBermejillo, Dgo. :bEl autor,c2015. aPara ver el contenido del material haga clic en la liga aTesis (Ing. en Sistemas Agrícolas) -- UACH. Unidad Regional Universitaria de Zonas Áridas aE5995AHEb05c20160303lUCH01h0931 aE5995AHEb05c20160303lUCH01h0958 aE5995AHEb05c20160303lUCH01h1234 aE5995AHEb05c20160303lUCH01h123514aCalibración.91748214aCambios climáticoszMéxico.912973414aCuencas.93008514aEscurrimiento.93767514aSimulación.9106523 aFinding aiduhttp://10.13.5.2/tesis/sist112339.pdfzTeclea aquí aBK cTESIS n0 c108800d108800 00102local4053708TESISaBCbBCcPA_TESISd2016-03-03fTESISl0oTesisp33724002518066r2019-12-31 00:00:00tc.2w2019-12-31yTESIS 00104054718TESISaBCbBCd2016-03-03fTESISl0oTesisp33724002518108r2019-12-31 00:00:00w2019-12-31yTESISzRecien adquirido